[Event "Mittelrhein Verbandsliga-W 18/19"]
[Site "Nordrheinwestfalen"]
[Date "2019.05.05"]
[Round "10.4"]
[White "Rosenkraenzer, Torsten"]
[Black "Krueckel, Daniel"]
[Result "1/2-1/2"]
[WhiteElo "1964"]
[BlackElo "1832"]
[PlyCount "20"]
[EventDate "2018.09.02"]
[EventType "team-tourn"]
[EventRounds "11"]
[EventCountry "GER"]
[SourceTitle "EXT 2022"]
[Source "ChessBase"]
[SourceDate "2021.10.06"]
[SourceVersion "1"]
[SourceVersionDate "2021.10.06"]
[SourceQuality "1"]
[WhiteTeam "Koeln Lasker II"]
[BlackTeam "Uebach Palenberg"]
[WhiteTeamCountry "GER"]
[BlackTeamCountry "GER"]

1. d4 d5 2. c4 e6 3. Nc3 Nf6 4. cxd5 exd5 5. Bg5 Nbd7 6. e3 Be7 7. Bd3 0-0 8. Qc2 h6 9. Bh4 b6 10. Nf3 Bb7 1/2-1/2

[Event "Mittelrhein Verbandsliga-W 18/19"]
[Site "Nordrheinwestfalen"]
[Date "2018.10.28"]
[Round "3.3"]
[White "Krueckel, Daniel"]
[Black "Freialdenhoven, Andreas"]
[Result "1/2-1/2"]
[WhiteElo "1832"]
[BlackElo "1826"]
[PlyCount "31"]
[EventDate "2018.09.02"]
[EventType "team-tourn"]
[EventRounds "11"]
[EventCountry "GER"]
[SourceTitle "EXT 2022"]
[Source "ChessBase"]
[SourceDate "2021.10.06"]
[SourceVersion "1"]
[SourceVersionDate "2021.10.06"]
[SourceQuality "1"]
[WhiteTeam "Uebach Palenberg"]
[BlackTeam "Brand SF"]
[WhiteTeamCountry "GER"]
[BlackTeamCountry "GER"]

1. d4 Nf6 2. Nf3 g6 3. Bf4 c5 4. c3 cxd4 5. cxd4 Qb6 6. Qc1 Nc6 7. e3 d6 8. Be2 Bg7 9. 0-0 0-0 10. Nbd2 Bf5 11. Nh4 Bd7 12. Nc4 Qd8 13. a3 Rc8 14. Qd1 Ne4 15. Nf3 Na5 16. Rc1 1/2-1/2

[Event "Mittelrhein Verbandsliga-W 1112"]
[Site "Germany"]
[Date "2012.04.15"]
[Round "9.3"]
[White "Brueggemann, Frank"]
[Black "Krueckel, Daniel"]
[Result "1-0"]
[WhiteElo "2038"]
[BlackElo "1852"]
[PlyCount "75"]
[EventDate "2011.09.18"]
[EventType "team-tourn"]
[EventRounds "11"]
[EventCountry "GER"]
[SourceTitle "EXT 2013"]
[Source "ChessBase"]
[SourceDate "2012.11.22"]
[SourceVersion "1"]
[SourceVersionDate "2012.11.22"]
[SourceQuality "1"]
[WhiteTeam "Aachen PTSV"]
[BlackTeam "Uebach Palenberg"]
[WhiteTeamCountry "GER"]
[BlackTeamCountry "GER"]

1. e4 c5 2. c3 e6 3. d4 d5 4. exd5 Qxd5 5. Nf3 Nc6 6. Be2 Nf6 7. 0-0 Be7 8. Be3 b6 9. Bb5 Bd7 10. c4 Qh5 11. Qa4 Nxd4 12. Bxd7+ Nxd7 13. Bxd4 cxd4 14. Nxd4 Bc5 15. Nf3 Ke7 16. b4 Bd6 17. Nbd2 Rhd8 18. Rad1 a5 19. c5 bxc5 20. bxa5 Nb6 21. Qb5 Nd5 22. Ne4 Rab8 23. Qa4 Rb4 24. Qc2 Qf5 25. Rde1 Nf4 26. a3 Rb7 27. Qc4 Qg4 28. Nh4 Qxh4 29. Nxd6 Rxd6 30. Re4 g5 31. g3 Nh3+ 32. Kg2 Qh6 33. Qxc5 Kd7 34. Rc1 Rb2 35. Qa7+ Ke8 36. Rc8+ Rd8 37. Rxd8+ Kxd8 38. Qd4+ 1-0

[Event "Mittelrhein Verbandsliga-W 1112"]
[Site "Germany"]
[Date "2012.02.26"]
[Round "7.2"]
[White "Krueckel, Daniel"]
[Black "Laschewski, Andreas"]
[Result "1-0"]
[WhiteElo "1852"]
[BlackElo "2034"]
[PlyCount "89"]
[EventDate "2011.09.18"]
[EventType "team-tourn"]
[EventRounds "11"]
[EventCountry "GER"]
[SourceTitle "EXT 2013"]
[Source "ChessBase"]
[SourceDate "2012.11.22"]
[SourceVersion "1"]
[SourceVersionDate "2012.11.22"]
[SourceQuality "1"]
[WhiteTeam "Uebach Palenberg"]
[BlackTeam "Pulheim"]
[WhiteTeamCountry "GER"]
[BlackTeamCountry "GER"]

1. d4 Nf6 2. Nf3 e6 3. Bg5 h6 4. Bh4 g5 5. Bg3 Ne4 6. Nbd2 Nxg3 7. hxg3 Bg7 8. c3 Nc6 9. e4 d6 10. Bd3 Bd7 11. Qe2 Qe7 12. 0-0-0 a5 13. e5 g4 14. Nh2 dxe5 15. dxe5 Nxe5 16. Nxg4 Nxd3+ 17. Qxd3 0-0-0 18. Qe3 Bc6 19. f3 Qg5 20. Nc4 Rxd1+ 21. Rxd1 Qxe3+ 22. Ngxe3 b6 23. Ng4 h5 24. Nge5 Be8 25. Nd3 h4 26. gxh4 Rxh4 27. Ne3 Bh6 28. Kd2 Rh2 29. Rg1 Kd8 30. Ke2 Bg7 31. Nf4 Ke7 32. Nh3 Bb5+ 33. c4 Bc6 34. Ng4 Rxh3 35. gxh3 Bxb2 36. h4 b5 37. Rb1 f5 38. Rxb2 fxg4 39. fxg4 bxc4 40. Ke3 e5 41. Rf2 Ke6 42. h5 Be8 43. h6 Bg6 44. g5 Bf5 45. Rxf5 1-0

[Event "Mittelrhein Verbandsliga-W 1112"]
[Site "Germany"]
[Date "2011.11.13"]
[Round "3.3"]
[White "Schreyer, Erik"]
[Black "Krueckel, Daniel"]
[Result "1-0"]
[WhiteElo "1874"]
[BlackElo "1852"]
[PlyCount "91"]
[EventDate "2011.09.18"]
[EventType "team-tourn"]
[EventRounds "11"]
[EventCountry "GER"]
[SourceTitle "EXT 2013"]
[Source "ChessBase"]
[SourceDate "2012.11.22"]
[SourceVersion "1"]
[SourceVersionDate "2012.11.22"]
[SourceQuality "1"]
[WhiteTeam "Herzogenrath"]
[BlackTeam "Uebach Palenberg"]
[WhiteTeamCountry "GER"]
[BlackTeamCountry "GER"]

1. e4 c5 2. c3 e6 3. d4 cxd4 4. cxd4 d5 5. exd5 exd5 6. Nc3 Nf6 7. Bg5 Be7 8. Bd3 Nc6 9. Nge2 h6 10. Bh4 0-0 11. 0-0 Re8 12. Bb5 Bf5 13. Re1 Rc8 14. Ng3 Bh7 15. Nf1 Ne4 16. Bxe7 Rxe7 17. Ne3 Nxc3 18. bxc3 Re6 19. Qb3 Ne7 20. Rac1 Rb6 21. Qa4 a6 22. Bd7 Rc7 23. Bg4 Rbc6 24. Bf3 Bd3 25. Qb3 Bc4 26. Nxc4 Rxc4 27. Be2 R4c6 28. Bg4 Rg6 29. Bf3 Rgc6 30. Re5 Rd6 31. Rce1 f6 32. R5e3 Kf7 33. Qb1 g6 34. g4 f5 35. h3 Qd7 36. gxf5 Nxf5 37. Bg4 Rf6 38. Re5 Qd6 39. Qb3 Rd7 40. Qc2 Rc7 41. Qd2 h5 42. Bxf5 Rxf5 43. Qh6 Rxe5 44. dxe5 Qe7 45. Qh7+ Kf8 46. Qh8+ 1-0

[Event "Mittelrhein Verbandsliga-W 1112"]
[Site "Germany"]
[Date "2011.10.09"]
[Round "2.3"]
[White "Krueckel, Daniel"]
[Black "Tochtenhagen, Wolfgang"]
[Result "1/2-1/2"]
[WhiteElo "1852"]
[BlackElo "2067"]
[PlyCount "33"]
[EventDate "2011.09.18"]
[EventType "team-tourn"]
[EventRounds "11"]
[EventCountry "GER"]
[SourceTitle "EXT 2013"]
[Source "ChessBase"]
[SourceDate "2012.11.22"]
[SourceVersion "1"]
[SourceVersionDate "2012.11.22"]
[SourceQuality "1"]
[WhiteTeam "Uebach Palenberg"]
[BlackTeam "Aachen Aufwaerts II"]
[WhiteTeamCountry "GER"]
[BlackTeamCountry "GER"]

1. d4 Nf6 2. Nf3 g6 3. Bf4 Bg7 4. Nbd2 0-0 5. e4 d6 6. c3 Nbd7 7. Bc4 c6 8. a4 d5 9. exd5 Nxd5 10. Bxd5 cxd5 11. 0-0 Nf6 12. h3 Qb6 13. Qb3 Qxb3 14. Nxb3 Ne4 15. Rfe1 b6 16. a5 Ba6 17. axb6 1/2-1/2